Southville International School and Colleges
Your cart is empty.
  • Cart
  • Lists
    Public lists Eva Luna New books Lux_list list_1
    Your lists Log in to create your own lists
  • Log in to your account
  • Your cookies
  • Search history
Southville International School and Colleges
  • Advanced search
  • Recent comments
  • Most popular
  • Libraries

Log in to your account

Log in with GOOGLE


If you do not have an external account, but do have a local account, you can still log in:

  1. Home
  2. MARC view: Microbiology /
Normal view MARC view ISBD view

Microbiology / (Record no. 15610)

[ view plain ]
MARC details
000 -LEADER
fixed length control field 02766cam a22003614a 4500
001 - CONTROL NUMBER
control field 13420736
003 - CONTROL NUMBER IDENTIFIER
control field OSt
005 - DATE AND TIME OF LATEST TRANSACTION
control field 20150825105158.0
008 - FIXED-LENGTH DATA ELEMENTS--GENERAL INFORMATION
fixed length control field 031202s2005 iaua b 001 0 eng
010 ## - LIBRARY OF CONGRESS CONTROL NUMBER
LC control number 2003025747
020 ## - INTERNATIONAL STANDARD BOOK NUMBER
International Standard Book Number 0071248730
040 ## - CATALOGING SOURCE
Original cataloging agency DLC
Transcribing agency DLC
Modifying agency DLC
042 ## - AUTHENTICATION CODE
Authentication code pcc
050 00 - LIBRARY OF CONGRESS CALL NUMBER
Classification number QR 41.2
Item number .P929 2005
082 00 - DEWEY DECIMAL CLASSIFICATION NUMBER
Classification number M 579
Item number P92 2005
100 1# - MAIN ENTRY--PERSONAL NAME
Personal name Prescott, Lansing M.
245 10 - TITLE STATEMENT
Title Microbiology /
Statement of responsibility, etc Prescott, Lansing M.; Harley, John P.; Klein, Donald A.
250 ## - EDITION STATEMENT
Edition statement 6th edition.
260 ## - PUBLICATION, DISTRIBUTION, ETC. (IMPRINT)
Place of publication, distribution, etc New York :
Name of publisher, distributor, etc McGraw-Hill Companies, Inc.,
Date of publication, distribution, etc 2005.
300 ## - PHYSICAL DESCRIPTION
Extent xxi, 992 pages :
Other physical details illustrations ;
Dimensions 28 cm.
500 ## - GENERAL NOTE
General note Includes bibliographical references and index.
505 0# - FORMATTED CONTENTS NOTE
Formatted contents note The history and scope of microbiology -- The study of microbial structure: microscopy and specimen preparation -- Procaryotic cell structure and function -- Eucaryotic cell structure and function -- Microbial nutrition -- Microbial growth -- Control of microorganisms by physical and chemical agents -- Metabolism: energy, enzymes, and regulation -- Metabolism: energy release and conservation -- Metabolism: the use of energy in biosynthesis -- Genes: structure, replication, and mutation -- Genes: expression and regulation -- Microbial recombination and plasmids -- Recombinant DNA technology -- Microbial Genomics -- The viruses: introduction and general characteristics -- The viruses: bacteriophages -- The viruses: viruses of eucaryotes -- Microbial taxonomy -- The archaea -- Bacteria: the deinococci and nonproteobacteria gram negatives -- Bacteria: the proteobacteria -- Bacteria: the Low G 1 C gram positives -- Bacteria: the High G 1 C gram positivies -- The fungi (eumycota), slime molds, and water molds -- The algae -- The protozoa -- Microorganism interactions and microbial ecology -- Microorganisms in aquatic environments -- Microorganisms in terrestrial environments -- Normal microbiota and nonspecific host resistance -- Specific immunity -- Medical immunology -- Pathogenicity of microorganisms -- Antimicrobial chemotherapy -- Clinical microbiology -- The epidemiology of infectious disease -- Human diseases caused by viruses -- Human diseases caused by bacteria -- Human diseases causedd by fungi and protozoa -- Microbiology of food -- Industrial microbiology and biotechnology.
526 ## - STUDY PROGRAM INFORMATION NOTE
Reading level 1210L to 1700L
562 ## - COPY AND VERSION IDENTIFICATION NOTE
Number of copies 1
650 #0 - SUBJECT ADDED ENTRY--TOPICAL TERM
Topical term or geographic name as entry element Microbiology.
700 1# - ADDED ENTRY--PERSONAL NAME
Personal name Harley, John P.
700 1# - ADDED ENTRY--PERSONAL NAME
Personal name Klein, Donald A.,
Dates associated with a name 1935-
856 41 - ELECTRONIC LOCATION AND ACCESS
Materials specified Table of contents
Uniform Resource Identifier <a href="http://www.loc.gov/catdir/toc/ecip0411/2003025747.html">http://www.loc.gov/catdir/toc/ecip0411/2003025747.html</a>
906 ## - LOCAL DATA ELEMENT F, LDF (RLIN)
a 7
b cbc
c orignew
d 1
e ecip
f 20
g y-gencatlg
942 ## - ADDED ENTRY ELEMENTS (KOHA)
Source of classification or shelving scheme Library of Congress Classification
Koha item type Books
Holdings
Withdrawn status Lost status Source of classification or shelving scheme Damaged status Home library Current library Shelving location Date acquired Total Checkouts Full call number Barcode Date last seen Date checked out Copy number Price effective from Koha item type Source of acquisition Total Renewals
    Library of Congress Classification   College Library College Library General Circulation Section 06/06/2013 2 QR 41.2 .P929 2005 C6605 05/15/2018 08/08/2016 1 11/14/2013 Books    
    Library of Congress Classification   College Library College Library General Circulation Section 08/25/2015 2 QR 41.2 .P929 2005 C19771 05/15/2018 08/08/2016   08/25/2015 Books Donation 3

Microbiology /

APA

Prescott L. M., Harley J. P. & Klein D. A. (2005). Microbiology. New York: McGraw-Hill Companies, Inc.

Chicago

Prescott Lansing M, Harley John P and Klein Donald A. 2005. Microbiology. New York: McGraw-Hill Companies, Inc.

Harvard

Prescott L. M., Harley J. P. and Klein D. A. (2005). Microbiology. New York: McGraw-Hill Companies, Inc.

MLA

Prescott Lansing M, Harley John P and Klein Donald A. Microbiology. New York: McGraw-Hill Companies, Inc. 2005.

  • Place hold
  • Print
  • Cite
  • Add to your cart (remove)
  • Save record
    BIBTEX Dublin Core MARCXML MARC (non-Unicode/MARC-8) MARC (Unicode/UTF-8) MARC (Unicode/UTF-8, Standard) MODS (XML) RIS
  • More searches
    Search for this title in:
    Other Libraries (WorldCat) Other Databases (Google Scholar) Online Stores (Bookfinder.com) Open Library (openlibrary.org)

Exporting to Dublin Core...

SOUTHVILLE LIBRARY

Southville International School and Colleges Library

1281 Tropical Ave. Cor. Luxembourg St., BF Homes International, Las Pinas City

Tel. No. 8256374 / 252358 Loc. 117/146

Powered by Koha